Use of constructed wetlands for water quality management in Putrajaya, Malaysia /
Saved in:
| 主要作者: | |
|---|---|
| 格式: | Thesis 圖書 |
| 語言: | English |
| 出版: |
2003.
|
| 主題: | |
| 在線閱讀: | http://studentsrepo.um.edu.my/id/eprint/2385 |
| 標簽: |
添加標簽
沒有標簽, 成為第一個標記此記錄!
|
| LEADER | 00965cam a2200241 a 4500 | ||
|---|---|---|---|
| 001 | u700458 | ||
| 003 | SIRSI | ||
| 008 | 041229s2003 my a t 00 0 eng m | ||
| 040 | |a UMM | ||
| 043 | |a a-my--- | ||
| 090 | |a GE7 |b UM 2003 Lui | ||
| 100 | 1 | 0 | |a Lui, Lee Yen. |
| 245 | 1 | 0 | |a Use of constructed wetlands for water quality management in Putrajaya, Malaysia / |c Lui Lee Yen. |
| 260 | |c 2003. | ||
| 300 | |a xxii, 229 leaves : |b ill. ; |c 30 cm. | ||
| 502 | |a Dissertation (M.Tech. (Envir. Mgmt.)) -- Institut Pengajian Siswazah, Universiti Malaya, 2004. | ||
| 504 | |a Bibliography: leaves 198-204. | ||
| 650 | 0 | |a Water quality management |z Putrajaya (W.P.) | |
| 650 | 0 | |a Wetlands |x Environmental aspects |z Putrajaya (W.P.) | |
| 710 | 2 | 0 | |a Universiti Malaya. |b Institut Pengajian Siswazah |
| 856 | 4 | 1 | |u http://studentsrepo.um.edu.my/id/eprint/2385 |
| 596 | |a 1 | ||
| 999 | |a GE7 UM 2003 LUI |w LC |c 1 |i A511759172 |d 10/4/2013 |e 10/4/2013 |f 18/4/2005 |g 1 |l STACKS |m P01UTAMA |n 3 |r Y |s Y |t TESIS |u 9/4/2005 | ||
